000
00331nam a2200133Ia 4500
001
1998
008
241024s9999 xx 000 0 und d
082
_a
RD/923.1/B533l
100
_a
Robert Berroa
245
0
_a
Leonel en la hoguera del tiempo
260
_b
Gráfica William
_c
2006
901
_a
4/11/2011 3:19:53 p.m.
999
_c
7663
_d
7663